Trường tình = L'école des femmes

Сохранить в:
Библиографические подробности
Главный автор: André Gide
Формат:
Язык:Undetermined
Опубликовано: Hà Nội Hội Nhà Văn 1999
Предметы:
Метки: Добавить метку
Нет меток, Требуется 1-ая метка записи!
Thư viện lưu trữ: Trung tâm Học liệu Trường Đại học Cần Thơ
LEADER 00510nam a2200169Ia 4500
001 CTU_34439
008 210402s9999 xx 000 0 und d
082 |a 843.91 
082 |b G453 
100 |a André Gide 
245 0 |a Trường tình = L'école des femmes 
245 0 |c André Gide 
260 |a Hà Nội 
260 |b Hội Nhà Văn 
260 |c 1999 
650 |a french fiction - 20th century,french literature - 20th century 
980 |a Trung tâm Học liệu Trường Đại học Cần Thơ